Miasta w Kujawsko-Pomorskim powyżej 10k mieszkańców na mapie - Statystyki

Ogólne statystyki
  • Ten quiz został rozwiązany 13 razy
  • Średni wynik to 15 z 21
Odpowiedzi na mapie
Odpowiedzi zakodowano w zielono-czerwonej skali na mapie do tego quizu, zgodnie z poniższymi procentami.
 
Statystyki odpowiedzi
Populacja Miasto % Poprawnych
325 tys. Bydgoszcz
100%
70 tys. Inowrocław
100%
195 tys. Toruń
100%
100 tys. Włocławek
100%
90 tys. Grudziądz
91%
11,5 tys. Aleksandrów Kujawski
82%
15,2 tys. Solec Kujawski
82%
18 tys. Chełmno
73%
11,2 tys. Golub-Dobrzyń
73%
10,9 tys. Mogilno
73%
17 tys. Nakło nad Notecią
73%
13 tys. Tuchola
73%
30 tys. Brodnica
64%
10 tys. Ciechocinek
64%
15,4 tys. Rypin
64%
25 tys. Świecie
64%
13 tys. Wąbrzeźno
64%
10,7 tys. Koronowo
55%
13,4 tys. Lipno
55%
13 tys. Żnin
55%
13,7 tys. Chełmża
45%
Nie znaleziono quizów pasujących do podanych kryteriów
Rozkład punktacji
Procent ludzi z każdym wynikiem
Percentyl według liczby udzielonych odpowiedzi
Twoja historia wyników
Nie rozwiązałeś tego quizu